000 00945nam a22003017a 4500
003 CHAP
005 20220329135053.0
008 971013s1962 r 00010 d
010 _a30450
011 _a31422
035 _a35534
040 _cCHAP
082 _a338.17361
_bM3 1962
245 _aManual Azucarero Mexicano
250 _a5 ed.
260 _aMéxico, D.F. :
_bCía Editora del Manual Azucarero,
_c1962
300 _a359 p
590 _aBATCH-UPD
_b10
_c20130110
_lUCH01
_h1215
590 _aBATCH-UPD
_b10
_c20130410
_lUCH01
_h0752
590 _aBATCH-UPD
_b10
_c20130914
_lUCH01
_h0510
590 _aCONVERSION
_b10
_c20130109
_lUCH01
_h1317
650 1 4 _aAzúcar
_xFabricación y refinación
_xMéxico.
_99154
650 1 4 _aCaña de azúcar
_zMéxico.
_918668
700 0 _aCárdenas, Jorge G.
_924121
901 _aBK
942 _cLIBRO
949 _a338.17361 M3 1962
_bBC
_cLIBRO
_d33724000116760
_eLIBRO
_h5755
_i35534
_mD
_si
_t75.00
999 _c30450
_d30450